000 00617nam a2200229Ia 4500
003 OSt
005 20220918204310.0
006 a|||||r|||| 00| 0
007 ta
008 220917b |||||||| |||| 00| 0 eng d
024 _a111,941
037 _cTextual
040 _aARTS
_cARTS
_beng
041 _2eng
_aeng
082 _aV5.N2, K0
100 _aLedeereer Ivo J ed
_9111428
245 0 _aVersailles settlement
_b was it fore doomed to eilure
260 _aLexington
_bD C Health
_c1960
650 _aHISTORY
942 _hV5.N2, K0
_cTEXL
_2CC
999 _c235290
_d235290